000 00843nam a22002777a 4500
001 5344
003 FISKH
005 20241127113629.0
008 241127b cb ||||| |||| 00| 0 eng d
020 _a0531107876
040 _aFISKH
_beng
_cFISKH
_dFISKH
050 _aQC941.L44
082 _a551.6
100 _aLee, Sally
245 _aViolent Storms /
_cby Sally Lee
260 _aNew York :
_bFranklin Watts ;
_c1989 .
300 _a128 pages :
_billustrations ;
_c24 cm .
490 _aPredicting
505 _aU
520 _aDescribes the tools and methods used to predict violent storms and discusses the characteristics of different kinds of storms.
521 8 _a840
_bLexile estimate
521 8 _aU
_bRaz-Plus
650 _astorms- Focasting
_vJuvenile literature
942 _2ddc
_cBK
_n0
999 _c5344
_d5344